Easy History and Geography - Statistics

General Stats
  • This quiz has been taken 1,119 times
    646 since last reset
  • The average score is 5 of 8
Answer Stats
Question Answer % Correct
Who beat King Harold in the Battle of Hastings? William the Conqueror
82%
What country are the Terracotta Warriors from? China
74%
What country did the United States buy Alaska from? Russia
73%
King Louis was a popular name for a French King. How many kings were named Louis? 17
65%
What was Toronto’s previous name? York
58%
In Arabic, what is desert Sahara
54%
What ancient civilization made Chichen Itza? Mayans
38%
Which of these states DOESN’T border Virginia Pennsylvania
33%
No matching quizzes found
Score Distribution
Percent of People with Each Score
Percentile by Number Answered
Your Score History
You have not taken this quiz since the last reset